[Event "IECC TH-M-3342"]
[Site "IECC email"]
[Date "2018.11.03"]
[Round "?"]
[White "Klawitter, Bernd"]
[Black "Pimentel, Axel"]
[Result "1-0"]
[WhiteElo "1183"]
[BlackElo "1069"]
[PlyCount "35"]
[EventDate "2018.??.??"]
[EventType "tourn (corr)"]
[SourceTitle "Corr 2020"]
[Source "ChessBase"]
[SourceDate "2019.09.30"]
[SourceVersion "1"]
[SourceVersionDate "2019.09.30"]
[SourceQuality "1"]
[WhiteTeam "Germany"]
[BlackTeam "Guatemala"]
[WhiteTeamCountry "GER"]
[BlackTeamCountry "GUA"]

1. e4 Nf6 2. e5 Nd5 3. d4 Nc6 4. c4 Ndb4 5. a3 Na6 6. f4 g6 7. Nf3 Bg7 8. Be2 0-0 9. 0-0 e6 10. Nc3 d5 11. cxd5 exd5 12. b4 b5 13. Bxb5 Bb7 14. Qb3 Ne7 15. Bd3 c6 16. Bd2 Nc7 17. Qc2 Qd7 18. Rae1 1-0

[Event "IECC TH-M-3342"]
[Site "IECC email"]
[Date "2018.11.03"]
[Round "?"]
[White "Pimentel, Axel"]
[Black "Klawitter, Bernd"]
[Result "1/2-1/2"]
[WhiteElo "1059"]
[BlackElo "1168"]
[PlyCount "73"]
[EventDate "2018.??.??"]
[EventType "tourn (corr)"]
[SourceTitle "Corr 2024"]
[Source "ChessBase"]
[SourceDate "2023.10.19"]
[SourceVersion "1"]
[SourceVersionDate "2023.10.19"]
[SourceQuality "1"]
[WhiteTeam "Guatemala"]
[BlackTeam "Deutschland"]
[WhiteTeamCountry "GUA"]
[BlackTeamCountry "GER"]

1. e4 Nf6 2. e5 Nd5 3. d4 d6 4. c4 Nb6 5. Nf3 Bg4 6. Bf4 c6 7. Be2 N8d7 8. Nbd2 Bxf3 9. Nxf3 dxe5 10. dxe5 e6 11. 0-0 Be7 12. Rc1 0-0 13. Qc2 Re8 14. Rcd1 Qc8 15. a3 a5 16. Bg5 Bxg5 17. Nxg5 Nf8 18. Bd3 g6 19. Be4 Qc7 20. Nf3 Rad8 21. b3 Rxd1 22. Rxd1 Rd8 23. Rxd8 Qxd8 24. g3 h6 25. a4 Kg7 26. Qc1 Nh7 27. h4 Nc8 28. g4 Ne7 29. Qe3 Ng8 30. h5 g5 31. Nh2 Qd1+ 32. Kg2 Qa1 33. Nf3 Qa3 34. Nd4 Qe7 35. f4 gxf4 36. Qxf4 Qg5 37. Kg3 1/2-1/2